[Event "AUTO-OPEN-2695"]
[Site "http://www.queenalice.com/game.php?id=1143079"]
[Date "2013.1.21"]
[Round "2"]
[White "Ronsini"]
[Black "jovelino"]
[Result "1-0"]
[WhiteElo "2330"]
[BlackElo "2083"]

1. e4 c5 2. Nc3 Nc6 3. f4 g6 4. Nf3 Bg7 5. Bc4 e6 6. O-O Nge7 7. Kh1 d5 8. Bb3
d4 9. Ne2 b5 10. d3 O-O 11. a4 b4 12. Qe1 Na5 13. Ba2 Nec6 14. Ng3 b3 15. cxb3
Nb4 16. Bd2 Nxd3 17. Bxa5 Nxe1 18. Bxd8 Nxf3 19. Be7 Re8 20. Bxc5 Nh4 21. Rad1
Ba6 22. Rf2 Red8 23. Be7 Nxg2 24. Kxg2 1-0

[Event "AUTO-OPEN-2695"]
[Site "http://www.queenalice.com/game.php?id=1143080"]
[Date "2013.1.21"]
[Round "2"]
[White "jovelino"]
[Black "Ronsini"]
[Result "0-1"]
[WhiteElo "2092"]
[BlackElo "2325"]

1. e4 e5 2. Nf3 d6 3. d4 Nf6 4. dxe5 Nxe4 5. exd6 Bxd6 6. Bd3 Nc5 7. Qe2+ Be6 8.
Bf5 O-O 9. Bxe6 Nxe6 10. O-O Nc6 11. Qb5 Ned4 12. Nxd4 Nxd4 13. Qd3 Re8 14. Nc3
Qh4 15. h3 Rad8 16. Be3 Nf3+ 17. Kh1 Nh2 18. Rfd1 Ng4 19. Qd4 Rxe3 20. Qxg4 Qxf2
21. Rf1 Qxc2 22. Nd5 Rg3 23. Nf6+ Kh8 24. Qe4 Rxh3+ 0-1

[Event "Challenge"]
[Site "http://www.queenalice.com/game.php?id=1148188"]
[Date "2013.2.2"]
[Round "-"]
[White "Ronsini"]
[Black "caboclo"]
[Result "0-1"]
[WhiteElo "2326"]
[BlackElo "2388"]

1. d4 Nf6 2. c4 e6 3. Nc3 Bb4 4. Qc2 O-O 5. Nf3 c5 6. dxc5 Na6 7. a3 Bxc3+ 8.
Qxc3 Nxc5 9. Bg5 Nfe4 10. Bxd8 Nxc3 11. Be7 Nb3 12. Bxf8 Kxf8 13. bxc3 Nxa1 14.
Nd4 e5 15. Nb5 Nb3 16. e3 Nc5 17. Be2 Ke7 18. Nc7 Rb8 19. Nd5+ Kf8 20. f3 d6 21.
Kd2 Be6 22. Rd1 Rc8 23. Kc2 Bd7 24. Rd2 Ba4+ 25. Kb2 Nb3 0-1

[Event "Jogo 2"]
[Site "http://www.queenalice.com/game.php?id=1149198"]
[Date "2013.2.6"]
[Round "-"]
[White "Euwe"]
[Black "Ronsini"]
[Result "1/2-1/2"]
[WhiteElo "2103"]
[BlackElo "2333"]

1. e4 e5 2. Nf3 Nc6 3. Bb5 a6 4. Bxc6 dxc6 5. O-O f6 6. d3 Bg4 7. Be3 Qd7 8. h3
Be6 9. Qe2 O-O-O 10. d4 exd4 11. Nxd4 Kb8 12. Nd2 Bd6 13. Nxe6 Qxe6 14. Qc4 Qe7
15. Rad1 g5 16. Nf3 h5 17. e5 fxe5 18. Nxg5 Nh6 19. Ne4 Qg7 20. Qe6 Nf7 21. g3
h4 22. Kg2 Rhg8 23. g4 Rge8 24. Qf6 Qh7 25. f3 Be7 26. Qe6 Bd6 27. Qf6 Be7 28.
Qf5 Qxf5 29. gxf5 Rg8+ 30. Kh2 Kc8 31. f6 Bf8 32. Rg1 Rxg1 33. Rxg1 Kd7 34. Rg4
Ke6 35. Rxh4 Rd1 36. Rg4 Nd6 37. Nc5+ Kf7 38. Bg5 Rd5 39. Nd7 Nf5 40. Nxf8 Kxf8
41. h4 Kf7 42. Re4 Nd6 43. Re2 c5 44. Kh3 c4 45. c3 Ke6 46. Kg4 Rd1 47. Bf4 Nf7
48. Bxe5 Nxe5+ 49. Kf4 Kxf6 50. Rxe5 Rd2 51. Rc5 c6 52. b3 Rh2 53. h5 Rxa2 54.
Rxc4 Ra5 55. Kg4 Rg5+ 56. Kh4 Rf5 57. f4 a5 58. Ra4 b5 59. Re4 Rc5 60. h6 Rxc3
61. h7 Kg7 62. Re7+ Kh8 63. f5 Rf3 64. Kg5 a4 65. bxa4 bxa4 66. Ra7 a3 67. Kg6
Rg3+ 68. Kh6 Rh3+ 69. Kg6 Rg3+ 70. Kh6 Rh3+ 71. Kg5 Rf3 72. Kg4 Rf2 73. Rxa3
Kxh7 74. Ra7+ Kh6 75. Rc7 1/2-1/2

[Event "3"]
[Site "http://www.queenalice.com/game.php?id=1153154"]
[Date "2013.2.18"]
[Round "-"]
[White "Kir"]
[Black "Ronsini"]
[Result "1-0"]
[WhiteElo "2267"]
[BlackElo "2307"]

1. d4 d5 2. c4 e6 3. Nf3 c6 4. Nbd2 Nf6 5. e3 Bd6 6. Bd3 Nbd7 7. O-O O-O 8. Re1
e5 9. cxd5 cxd5 10. e4 dxe4 11. Nxe4 Nxe4 12. Bxe4 exd4 13. Qxd4 Nf6 14. Bg5 Be7
15. Qe5 Be6 16. Nd4 Qb6 17. Nxe6 fxe6 18. Be3 Qa6 19. Bf3 Rad8 20. Be2 Qd6 21.
Qxd6 Rxd6 22. Bxa7 b6 23. Bf3 Kf7 24. a4 Nd5 25. a5 bxa5 26. Rxa5 Ra8 27. Kf1
Bf6 28. Re2 Rd7 29. Rxe6 Bxb2 30. Re2 Nf6 31. Bxa8 Rd1+ 32. Re1 Rxe1+ 33. Kxe1
Bc3+ 34. Ke2 Bxa5 35. f4 Bc7 36. Kf3 h6 37. h4 h5 38. Bd4 Ke6 39. g3 Bd6 40. Bb7
Bc7 41. Ke3 Bd6 42. Bg2 Bc7 43. Kd3 Bd6 44. Bb7 Bc7 45. Bf3 Ba5 46. Ke2 g6 47.
Bc6 Bb4 48. Ba4 Ba5 49. Bb3+ Ke7 50. Bc2 Kf7 51. Kf3 Bb4 52. Bb6 Bc3 53. Bb3+
Kg7 54. Bc7 Ng4 55. Be6 Nh2+ 56. Ke2 Bd4 57. Be5+ Bxe5 58. fxe5 Kf8 59. Ke3 1-0

[Event "AUTO-MASTER-1651"]
[Site "http://www.queenalice.com/game.php?id=1157860"]
[Date "2013.3.5"]
[Round "2"]
[White "Ronsini"]
[Black "Angelo"]
[Result "1-0"]
[WhiteElo "2293"]
[BlackElo "2334"]

1. e4 e6 2. d4 d5 3. exd5 exd5 4. c4 Nf6 5. Nc3 Be7 6. Nf3 Bg4 7. Qb3 b6 8. Ne5
O-O 9. Nxg4 Nxg4 10. Nxd5 Nc6 11. Be3 Bd6 12. O-O-O Re8 13. h3 Nxe3 14. fxe3 Qg5
15. h4 Qg4 16. Bd3 Re6 17. Qc2 h6 18. Bf5 Qxd1+ 19. Kxd1 1-0

[Event "AUTO-MASTER-1651"]
[Site "http://www.queenalice.com/game.php?id=1157861"]
[Date "2013.3.5"]
[Round "2"]
[White "Angelo"]
[Black "Ronsini"]
[Result "0-1"]
[WhiteElo "2284"]
[BlackElo "2257"]

1. e4 d5 2. exd5 Nf6 3. c4 c6 4. dxc6 Nxc6 5. Nf3 Bg4 6. Be2 e6 7. O-O Bc5 8. d3
Qd7 9. Bf4 Rd8 10. Qb3 Bxf3 11. Bxf3 Nd4 12. Qd1 Nxf3+ 13. Qxf3 Qxd3 14. Qxb7
Qxc4 15. Qc6+ Nd7 16. Qf3 O-O 17. Nd2 Qb5 18. Nb3 Bb6 19. Qg3 Qf5 20. Rac1 Nf6
21. Qh4 Nd5 22. Bd2 Rc8 23. Nd4 Qf6 24. Qxf6 Nxf6 25. Nb5 Rfd8 26. Bg5 Rxc1 27.
Rxc1 h6 28. Bh4 g5 29. Bg3 Rd2 30. Nd6 Rxb2 31. Nc4 Rxa2 32. Nxb6 axb6 33. f3
Nd5 34. Rb1 Ra7 35. h3 Rb7 36. Be5 f6 37. Bg3 b5 38. Be1 b4 39. Rb3 Kf7 40. h4
Ke7 41. hxg5 hxg5 42. Kf2 Kd6 43. Bd2 Kc5 44. Bc1 Kc4 0-1

[Event "Challenge"]
[Site "http://www.queenalice.com/game.php?id=1167997"]
[Date "2013.4.3"]
[Round "-"]
[White "tucot"]
[Black "Ronsini"]
[Result "1/2-1/2"]
[WhiteElo "2321"]
[BlackElo "2306"]

1. Nf3 d5 2. d4 e6 3. c4 c6 4. e3 f5 5. b3 Bd6 6. a4 Nf6 7. Ba3 Bxa3 8. Nxa3
Nbd7 9. Nc2 Ne4 10. Be2 O-O 11. b4 a6 12. O-O Rf6 13. Nce1 Rh6 14. g3 Ndf6 15.
Ne5 Nc3 16. Qc2 Nxe2+ 17. Qxe2 Ne4 18. f3 Nf6 19. N1d3 Nd7 20. a5 Nxe5 21. Nxe5
Bd7 22. e4 Be8 23. cxd5 cxd5 24. Qe3 Bb5 25. Rf2 fxe4 26. fxe4 Rf6 27. Rc1 Rxf2
28. Kxf2 dxe4 29. Kg1 Rc8 30. Rxc8 Qxc8 31. Qf4 Qf8 32. Kf2 Qxf4+ 33. gxf4 Kf8
34. Ke3 Bc6 35. Nxc6 1/2-1/2

[Event "Challenge"]
[Site "http://www.queenalice.com/game.php?id=1167998"]
[Date "2013.4.3"]
[Round "-"]
[White "Ronsini"]
[Black "tucot"]
[Result "0-1"]
[WhiteElo "2325"]
[BlackElo "2342"]

1. e4 e5 2. Nf3 Nc6 3. Bb5 g6 4. d4 exd4 5. Bg5 Be7 6. Bxe7 Ngxe7 7. Nxd4 O-O 8.
Nc3 f5 9. Bc4+ Kg7 10. h4 h5 11. Qe2 Nxd4 0-1

[Event "Challenge"]
[Site "http://www.queenalice.com/game.php?id=1168477"]
[Date "2013.4.5"]
[Round "-"]
[White "thigo"]
[Black "Ronsini"]
[Result "0-1"]
[WhiteElo "1656"]
[BlackElo "2306"]

1. a4 e5 2. a5 d5 3. d4 exd4 4. Qxd4 Nc6 5. Qa4 Bd7 6. e4 Qe7 7. Nc3 d4 8. Nd5
Qxe4+ 9. Be2 Qxd5 10. Nf3 Nb4 11. c4 Bxa4 12. cxd5 Nc2+ 13. Kd2 Nxa1 14. Bc4
Nb3+ 15. Bxb3 Bxb3 16. Nxd4 Bb4+ 17. Kd3 Bxd5 18. Nf5 g6 19. Nd4 O-O-O 20. Nb5
Bxg2+ 21. Kc4 Bxa5 22. Re1 Bxe1 23. Bf4 Bf1+ 24. Kc5 Bxf2+ 25. Kb4 Bxb5 26. Kxb5
a6+ 27. Ka5 Rd5+ 28. Kb4 Rd4+ 29. Kc3 Rxf4 30. h3 Nf6 31. Kd3 Rd8+ 32. Ke2 Bb6
33. Ke1 Rf2 34. b3 Rdd2 35. b4 Ra2 36. b5 Ra1# 0-1

[Event "Challenge"]
[Site "http://www.queenalice.com/game.php?id=1168478"]
[Date "2013.4.5"]
[Round "-"]
[White "Ronsini"]
[Black "thigo"]
[Result "1-0"]
[WhiteElo "2292"]
[BlackElo "1560"]

1. e4 h5 2. Bc4 e6 3. d4 d5 4. Bd3 dxe4 5. Bxe4 f5 6. Bd3 Qxd4 7. Bb5+ Qd7 8.
Bxd7+ Bxd7 9. Nf3 Nf6 10. Ne5 Bb5 11. Nc3 Bb4 12. Bd2 Bxc3 13. Bxc3 Nc6 14. Nxc6
Bxc6 15. Qe2 O-O-O 16. O-O Rhe8 17. Rad1 Nd5 18. Be5 g6 19. Qc4 a6 20. Qc5 b6
21. Qxc6 Nb4 22. Qa8# 1-0

[Event "Challenge"]
[Site "http://www.queenalice.com/game.php?id=1168775"]
[Date "2013.4.6"]
[Round "-"]
[White "tallos"]
[Black "Ronsini"]
[Result "1-0"]
[WhiteElo "1982"]
[BlackElo "2314"]

1. e4 c5 2. Nc3 d6 3. f4 Nc6 4. Nf3 Bg4 5. Bb5 e6 6. Bxc6+ bxc6 7. d3 g6 8. O-O
Bg7 9. Qe1 Rb8 10. Nd2 Bh5 11. h3 Nh6 12. g4 Bxg4 13. hxg4 Nxg4 14. Nf3 O-O 15.
Qg3 h5 16. Nd1 Qb6 17. Kh1 a5 18. Nf2 Nxf2+ 19. Qxf2 c4 20. Rb1 Qb5 21. d4 d5
22. Ne5 Rbc8 23. c3 dxe4 24. Qe2 c5 25. dxc5 Rxc5 26. Be3 Rd5 27. Bd4 Rfd8 28.
Qxe4 Qb7 29. Qg2 Qa8 30. b3 cxb3 31. Rxb3 a4 32. Rb6 Re8 33. Rfb1 Qd8 34. Qg3
Qa8 35. Kh2 Bxe5 36. fxe5 Rd7 37. Kh3 Qe4 38. Rb8 Rdd8 39. R8b6 Rd7 40. R6b4 Qc2
41. R1b2 Qc1 42. Rf2 Qh1+ 43. Qh2 Qa8 44. Qg2 Qa6 45. Qf3 a3 46. Rb6 Qa5 47. Rb7
Red8 48. Rxd7 Rxd7 49. Qc6 Qd8 50. Qa4 Qe7 51. Qa8+ Rd8 52. Qf3 Rd7 53. Rf1 Kh7
54. Rb1 Qf8 55. Rb6 Qc8 56. Rb3 Qf8 57. Qc6 Rd8 58. Rb7 1-0

[Event "Challenge"]
[Site "http://www.queenalice.com/game.php?id=1168776"]
[Date "2013.4.6"]
[Round "-"]
[White "Ronsini"]
[Black "tallos"]
[Result "1-0"]
[WhiteElo "2324"]
[BlackElo "1896"]

1. e4 g6 2. d4 Bg7 3. Nf3 c6 4. Bc4 d5 5. exd5 cxd5 6. Bb5+ Bd7 7. Bxd7+ Qxd7 8.
Nc3 Nc6 9. O-O Nh6 10. Bf4 Nf5 11. Ne2 O-O 12. c3 f6 13. Ng3 e5 14. Nxf5 Qxf5
15. Be3 Rad8 16. Qb3 Qd7 17. Rad1 Na5 18. Qc2 Nc4 19. dxe5 Nxe3 20. fxe3 fxe5
21. e4 d4 22. Qb3+ Qf7 23. Nxd4 Qxb3 24. Nxb3 Rxf1+ 25. Rxf1 Rd3 26. Kf2 Bf8 27.
Ke2 Rd7 28. Rd1 Rc7 29. Rd5 Bg7 30. Nc5 1-0

[Event "AUTO-OPEN-2587"]
[Site "http://www.queenalice.com/game.php?id=1170759"]
[Date "2013.4.12"]
[Round "2"]
[White "chein"]
[Black "Ronsini"]
[Result "1-0"]
[WhiteElo "2401"]
[BlackElo "2294"]

1. e4 d5 2. exd5 Qxd5 3. Nc3 Qa5 4. Bc4 e6 5. Nf3 Nf6 6. d4 Ne4 7. Qd3 Nxc3 8.
Bd2 Bb4 9. bxc3 Bd6 10. Ng5 Be7 11. Ne4 O-O 12. O-O Nd7 13. Rae1 b6 14. f4 Bb7
15. f5 Bxe4 16. Qxe4 Nf6 17. Qc6 Bd6 18. fxe6 fxe6 19. Rf5 Qxf5 20. Bxe6+ Qxe6
21. Rxe6 Ng4 22. g3 Rad8 23. Bg5 1-0

[Event "AUTO-OPEN-2587"]
[Site "http://www.queenalice.com/game.php?id=1170760"]
[Date "2013.4.12"]
[Round "2"]
[White "Ronsini"]
[Black "chein"]
[Result "0-1"]
[WhiteElo "2285"]
[BlackElo "2407"]

1. e4 e6 2. d4 d5 3. Nc3 Nf6 4. Bg5 Be7 5. e5 Nfd7 6. Bxe7 Qxe7 7. Nf3 a6 8. Bd3
c5 9. dxc5 Nxc5 10. O-O Nc6 11. Re1 O-O 12. Ne2 Bd7 13. Nf4 f6 14. g3 Rad8 15.
Bf1 g5 16. Nd3 Nxd3 17. Qxd3 g4 18. Nd4 Nxe5 19. Qe2 Bb5 20. Nxb5 axb5 21. Bg2
b4 22. h3 h5 23. hxg4 hxg4 0-1

[Event "AUTO-OPEN-2585"]
[Site "http://www.queenalice.com/game.php?id=1171385"]
[Date "2013.4.13"]
[Round "3"]
[White "LUKK22"]
[Black "Ronsini"]
[Result "1/2-1/2"]
[WhiteElo "2653"]
[BlackElo "2269"]

1. g4 d5 2. c4 Bxg4 3. Qb3 dxc4 4. Qxb7 Nd7 5. Na3 Rb8 6. Qxa7 e6 7. Nxc4 Bc5 8.
Qa5 Ngf6 9. Ne3 O-O 10. Bg2 Qe7 11. Qc3 Rfd8 12. a3 e5 13. Nf3 Ne4 14. Qc4 Bxe3
15. Qxe4 Bf4 16. d4 Nf6 17. Qc2 Bxf3 18. Bxf3 Bxc1 19. Rxc1 exd4 20. O-O Nd5 21.
Bxd5 Rxd5 22. Qxc7 Qg5+ 23. Qg3 Qd8 24. Qc7 Rxb2 25. Qxd8+ Rxd8 26. Rfd1 g6 27.
Rc4 Re8 28. Rdxd4 Rexe2 29. Rf4 Rb7 30. Kg2 Kg7 31. Ra4 g5 32. Rf3 Re6 33. h4
gxh4 34. Rxh4 Rg6+ 35. Kh2 Ra7 36. Rfh3 h6 37. a4 Ra5 38. Rf4 Rag5 39. Rg3 Ra6
40. Rc4 Rxg3 41. fxg3 Ra5 42. Kg2 Kf6 43. Kf3 h5 44. Rf4+ Ke6 45. Re4+ Kf6 46.
Rf4+ Kg6 47. Rb4 f6 48. Rd4 Re5 49. Kf2 Kg5 50. Rc4 Kg6 51. Rd4 Kg5 52. Rb4 f5
53. Rc4 Rd5 54. Ke2 1/2-1/2

[Event "AUTO-OPEN-2585"]
[Site "http://www.queenalice.com/game.php?id=1171386"]
[Date "2013.4.13"]
[Round "3"]
[White "Ronsini"]
[Black "LUKK22"]
[Result "0-1"]
[WhiteElo "2270"]
[BlackElo "2656"]

1. e4 g6 2. d4 Bg7 3. Nf3 d6 4. Bc4 Nf6 5. Nc3 O-O 6. h3 Nxe4 7. Nxe4 d5 8. Bd3
dxe4 9. Bxe4 Nd7 10. Be3 c5 11. O-O Nf6 12. Bd3 Nd5 13. c3 cxd4 14. Bxd4 Bxd4
15. Nxd4 e5 16. Ne2 Be6 17. Ng3 Nf4 18. Be4 Qc7 19. Qc2 f5 20. Bf3 Bc4 21. Rfd1
e4 22. Be2 Bd3 23. Bxd3 exd3 24. Qd2 Rae8 25. Re1 g5 26. Rad1 h6 27. Rxe8 Rxe8
28. Re1 Rxe1+ 29. Qxe1 Qd7 30. f3 Kf7 31. Qd2 Qd5 32. Kf2 a5 33. a3 Qc5+ 34. Kf1
Qb5 35. Kg1 Qb6+ 36. Kh2 Kg6 37. Qe1 Qd8 38. Kh1 a4 39. Qd2 Qd6 40. Nf1 Ne2 41.
Qe3 Kf7 42. Nd2 Ng3+ 43. Kg1 f4 44. Qf2 Qe6 45. Ne4 Nxe4 46. fxe4 Qxe4 47. Kf1
Kg6 0-1

[Event "Challenge"]
[Site "http://www.queenalice.com/game.php?id=1210134"]
[Date "2013.8.21"]
[Round "-"]
[White "jeancarlo1910"]
[Black "Ronsini"]
[Result "0-1"]
[WhiteElo "1678"]
[BlackElo "2280"]

1. e4 e5 2. Nc3 Nc6 3. Nf3 Nf6 4. Bb5 d6 5. h3 Bd7 6. d4 exd4 7. Nxd4 Nxd4 8.
Bxd7+ Qxd7 9. Qxd4 Be7 10. O-O O-O 11. Bg5 Qe6 12. f4 Rfe8 13. Rae1 Nd7 14. Bxe7
Qxe7 15. f5 Nf6 16. Nd5 Nxd5 17. exd5 Qxe1 18. Rxe1 Rxe1+ 19. Kh2 Re5 20. Qc4
Re7 21. b4 Rae8 22. Qb5 Rb8 23. Qd3 f6 24. a4 a6 25. c4 Rbe8 26. c5 Re3 27. Qd2
Re2 28. Qf4 R8e5 29. c6 b5 30. axb5 axb5 31. Qd4 Ra2 32. Qd3 Ree2 33. Qg3 Kf7
0-1